| 000 | 00832nam a22002297a 4500 | ||
|---|---|---|---|
| 999 |
_c2626 _d2626 |
||
| 003 | AR-CdUCM | ||
| 008 | 190305b ||||| |||| 00| 0 spa d | ||
| 040 |
_aMUNICIPALIDAD PROVINCIAL DEL CUSCO _cBIBLIOTECA MUNICIPAL DEL CUSCO |
||
| 041 | _heng. | ||
| 082 |
_a305.1 / _bW19 |
||
| 100 |
_aWaldo, Dwight _99244 |
||
| 245 | _aTeoría política de la administración pública / | ||
| 260 |
_aMadrid : _bEdit. Tecnos, _c1961. |
||
| 300 |
_a338 paginas ; _c20 cm. |
||
| 505 | _aContenido :Aparición de la administración publica --Problemas de filosofía política --Teoría de la administración publica --Los conceptos fundamentales :La critica / | ||
| 650 |
_aAdministración publica _99245 |
||
| 650 |
_aProblemas _99246 |
||
| 650 |
_aTeoría política _94558 |
||
| 700 |
_aM.D.L _99247 |
||
| 942 |
_2ddc _cLIBROS |
||
| 945 | _arjall | ||